25 anys : Llibreria de la Diputació Llibreria de la Diputació
Descripción Física:
1 xapa d'agulla ; il. col. ; 4 cm.
Idioma:
Catalán
MARC
| LEADER | 00000nrm a22000007a 4500 | ||
|---|---|---|---|
| 001 | 27276 | ||
| 003 | Arxiu | ||
| 005 | 20260324181151.0 | ||
| 008 | 230117b spa||||| |||| 00| 0 cat d | ||
| 040 | |a agdb |b cat | ||
| 245 | |a 25 anys : |b Llibreria de la Diputació | ||
| 260 | |a [Barcelona : |b Diputació de Barcelona ; |c 2019] | ||
| 300 | |a 1 xapa d'agulla ; |b il. col. ; |c 4 cm. | ||
| 610 | 0 | |a Barcelona (Catalunya : Província). |b Llibreria |x Màrqueting | |
| 650 | 0 | |9 54098 |a Objectes publicitaris | |
| 710 | |9 52413 |a Barcelona (Catalunya : Província). |b Llibreria | ||
| 942 | |2 udc |c ARXIU |n 1 | ||
| 952 | |0 0 |1 0 |2 udc |4 0 |6 NBM16193 |7 1 |9 65053 |a Arxiu |b Arxiu |d 2023-01-17 |l 0 |o NBM-16-193 |p 27276 |r 2023-01-17 00:00:00 |w 2023-01-17 |y ARXIU | ||
| 999 | |c 82978 |d 82978 | ||